[Event "NOR-ch"]
[Site "Oslo"]
[Date "2011.07.09"]
[Round "8"]
[White "Thomassen, Joachim"]
[Black "Tjoelsen, Katrine"]
[Result "1-0"]
[WhiteElo "2400"]
[BlackElo "2225"]
[PlyCount "103"]
[EventDate "2011.07.02"]
[EventType "swiss"]
[EventRounds "9"]
[EventCountry "NOR"]
[SourceTitle "CBM 143 Extra"]
[Source "ChessBase"]
[SourceDate "2011.08.29"]
[SourceVersion "1"]
[SourceVersionDate "2011.08.29"]
[SourceQuality "1"]

1. d4 Nf6 2. c4 g6 3. Nc3 Bg7 4. e4 0-0 5. Nf3 d6 6. Be2 e5 7. 0-0 Nc6 8. d5 Ne7 9. Ne1 Nd7 10. Be3 f5 11. f3 f4 12. Bf2 g5 13. Rc1 Ng6 14. c5 Nxc5 15. b4 Na6 16. Nd3 Rf7 17. Nb5 Bd7 18. a4 Bf8 19. Nxa7 h5 20. Nc6 bxc6 21. dxc6 Be6 22. b5 Nc5 23. Nxc5 dxc5 24. Qxd8 Rxd8 25. a5 Ne7 26. Rxc5 Rd2 27. Rxe5 Rxe2 28. Rxe6 Rb2 29. b6 cxb6 30. axb6 Nc8 31. c7 Be7 32. Rd1 Rf8 33. Bd4 Rb5 34. Rc6 Kf7 35. Kf1 Ke8 36. e5 Kd7 37. Rdc1 Rf5 38. e6+ Ke8 39. Ra1 Rfd5 40. Ra8 Rxd4 41. Rxc8+ Bd8 42. Rxd8+ Rxd8 43. cxd8Q+ Kxd8 44. Ke2 g4 45. Kd3 Ke7 46. Ke4 g3 47. hxg3 fxg3 48. Kf4 h4 49. Kg4 Rb4+ 50. Kh3 Kf6 51. e7+ Kxe7 52. Rh6 1-0

[Event "NOR-ch"]
[Site "Oslo"]
[Date "2011.07.08"]
[Round "7"]
[White "Tjoelsen, Katrine"]
[Black "Getz, Nicolai"]
[Result "1/2-1/2"]
[WhiteElo "2225"]
[BlackElo "2385"]
[PlyCount "41"]
[EventDate "2011.07.02"]
[EventType "swiss"]
[EventRounds "9"]
[EventCountry "NOR"]
[SourceTitle "CBM 143 Extra"]
[Source "ChessBase"]
[SourceDate "2011.08.29"]
[SourceVersion "1"]
[SourceVersionDate "2011.08.29"]
[SourceQuality "1"]

1. d4 e6 2. c4 Nf6 3. Nf3 d5 4. Nc3 Be7 5. Bg5 h6 6. Bh4 0-0 7. e3 Ne4 8. Bxe7 Qxe7 9. Rc1 c6 10. Bd3 Nxc3 11. Rxc3 Nd7 12. cxd5 exd5 13. 0-0 a5 14. Qc2 Nf6 15. Ne5 Ng4 16. Nxg4 Bxg4 17. Rc5 Bd7 18. Rc1 Qd6 19. Qe2 Rfc8 20. R5c3 b6 21. Ba6 1/2-1/2

[Event "Olympiad Women-39"]
[Site "Khanty-Mansiysk"]
[Date "2010.10.01"]
[Round "10.29"]
[White "Tjoelsen, Katrine"]
[Black "Geldyeva, Mekhri"]
[Result "1/2-1/2"]
[WhiteElo "2259"]
[BlackElo "2260"]
[PlyCount "162"]
[EventDate "2010.09.21"]
[EventType "team-swiss"]
[EventRounds "11"]
[EventCountry "RUS"]
[SourceTitle "CBM 139"]
[Source "ChessBase"]
[SourceDate "2010.11.18"]
[SourceVersion "1"]
[SourceVersionDate "2010.11.18"]
[SourceQuality "1"]
[WhiteTeam "Norway (W)"]
[BlackTeam "Turkmenistan (W)"]
[WhiteTeamCountry "NOR"]
[BlackTeamCountry "TKM"]

1. Nf3 d5 2. d4 e6 3. g3 c5 4. Bg2 Nc6 5. 0-0 Qb6 6. e3 Nf6 7. b3 cxd4 8. exd4 Be7 9. c4 dxc4 10. bxc4 0-0 11. h3 Qa6 12. Qe2 Rd8 13. Bb2 Bd7 14. Nbd2 Be8 15. Rfe1 Nb4 16. Nb3 Nc6 17. Ng5 h6 18. Nf3 Rac8 19. Nh4 Bb4 20. Red1 Na5 21. Nxa5 Bxa5 22. Rac1 Ba4 23. Rf1 b5 24. c5 Nd5 25. Nf3 Qb7 26. Ne5 b4 27. Nc4 Bc7 28. Rfe1 Bb5 29. Qc2 Qa6 30. Bf1 Qb7 31. a4 Bc6 32. a5 Bb5 33. Ra1 Qa6 34. Bd3 Rb8 35. Qe2 Nc3 36. Bxc3 bxc3 37. Red1 Kf8 38. Nb6 Bxd3 39. Qxd3 Qxd3 40. Rxd3 c2 41. Rc1 axb6 42. axb6 Be5 43. Rxc2 Rxd4 44. Rb3 Rdd8 45. c6 Rdc8 46. b7 Rc7 47. h4 Ke7 48. Kf1 Bd6 49. Ke2 e5 50. Rb6 Ke6 51. Kd3 f5 52. Kc4 Rf7 53. Ra6 f4 54. Rd2 fxg3 55. fxg3 Rf1 56. Raa2 Rc1+ 57. Kb5 e4 58. Kb6 Bxg3 59. Re2 Kf5 60. Ra5+ Kf4 61. Ra4 Kf3 62. Rexe4 g5 63. hxg5 hxg5 64. Rec4 Bf2+ 65. Kc7 Bg3+ 66. Kb6 Bf2+ 67. Ka6 Rb1 68. Rc3+ Ke2 69. Ra2+ Ke1 70. Rh3 Bg1 71. Rh1 Kf1 72. Rxg1+ Kxg1 73. Ra4 Kf2 74. Rg4 Ra1+ 75. Kb6 Rg8 76. c7 Rb1+ 77. Kc6 Kf3 78. Rd4 Rxb7 79. Kxb7 g4 80. c8Q Rxc8 81. Kxc8 g3 1/2-1/2

[Event "Olympiad Women-39"]
[Site "Khanty-Mansiysk"]
[Date "2010.09.24"]
[Round "4.31"]
[White "Tjoelsen, Katrine"]
[Black "Baklanova, Tatiana"]
[Result "1-0"]
[WhiteElo "2259"]
[BlackElo "2247"]
[PlyCount "47"]
[EventDate "2010.09.21"]
[EventType "team-swiss"]
[EventRounds "11"]
[EventCountry "RUS"]
[SourceTitle "CBM 139"]
[Source "ChessBase"]
[SourceDate "2010.11.18"]
[SourceVersion "1"]
[SourceVersionDate "2010.11.18"]
[SourceQuality "1"]
[WhiteTeam "Norway (W)"]
[BlackTeam "ISCA (W)"]
[WhiteTeamCountry "NOR"]

1. Nf3 Nf6 2. c4 g6 3. Nc3 d5 4. cxd5 Nxd5 5. Qa4+ Bd7 6. Qh4 Nb6 7. d4 h6 8. e4 Bg7 9. Bd3 Nc6 10. e5 Be6 11. 0-0 Nb4 12. Bb1 a5 13. Qg3 Qc8 14. Ne4 Bd5 15. Nh4 Bf8 16. Re1 Nc6 17. Be3 a4 18. Nc5 g5 19. Nf3 Nc4 20. e6 f6 21. Qh3 Nxb2 22. Bg6+ Kd8 23. Qf5 Ra5 24. Qxd5+ 1-0

[Event "Olympiad Women-39"]
[Site "Khanty-Mansiysk"]
[Date "2010.09.22"]
[Round "2.2"]
[White "Tjoelsen, Katrine"]
[Black "Hou, Yifan"]
[Result "0-1"]
[WhiteElo "2259"]
[BlackElo "2578"]
[PlyCount "78"]
[EventDate "2010.09.21"]
[EventType "team-swiss"]
[EventRounds "11"]
[EventCountry "RUS"]
[SourceTitle "CBM 139"]
[Source "ChessBase"]
[SourceDate "2010.11.18"]
[SourceVersion "1"]
[SourceVersionDate "2010.11.18"]
[SourceQuality "1"]
[WhiteTeam "Norway (W)"]
[BlackTeam "China (W)"]
[WhiteTeamCountry "NOR"]
[BlackTeamCountry "CHN"]

1. d4 Nf6 2. Nf3 e6 3. c4 Bb4+ 4. Nbd2 b6 5. g3 Ba6 6. Qc2 0-0 7. Bg2 d5 8. a3 Be7 9. 0-0 c5 10. Rd1 Nbd7 11. dxc5 Bxc5 12. Qa4 Qc8 13. b4 Be7 14. Nd4 Ne5 15. cxd5 Nxd5 16. Bb2 Bb7 17. Rac1 Qb8 18. N2f3 Bf6 19. e4 Nxf3+ 20. Bxf3 Ne7 21. Bg2 h6 22. Qb3 Rc8 23. f4 Rxc1 24. Rxc1 e5 25. Nb5 Nc6 26. Rd1 Be7 27. Rd7 Bc8 28. Rc7 Ba6 29. Rxc6 Bxb5 30. Bxe5 Qd8 31. Rc1 a5 32. Rd1 Qe8 33. Qb2 axb4 34. Bxg7 bxa3 35. Qa1 Rd8 36. Bxh6 Rxd1+ 37. Qxd1 Qd7 38. Qc1 Qc6 39. f5 a2 0-1

[Event "Gibraltar Masters 8th"]
[Site "Caleta"]
[Date "2010.02.04"]
[Round "10"]
[White "Seitz, Benjamin"]
[Black "Tjoelsen, Katrine"]
[Result "0-1"]
[WhiteElo "2017"]
[BlackElo "2212"]
[PlyCount "138"]
[EventDate "2010.01.26"]
[EventType "swiss"]
[EventRounds "10"]
[EventCountry "GGB"]
[SourceTitle "CBM 134 Extra"]
[Source "ChessBase"]
[SourceDate "2010.03.03"]
[SourceVersion "1"]
[SourceVersionDate "2010.03.03"]
[SourceQuality "1"]

1. d4 Nf6 2. c4 e6 3. Nf3 Bb4+ 4. Bd2 Qe7 5. a3 Bxd2+ 6. Nbxd2 d6 7. Qc2 e5 8. e4 exd4 9. Nxd4 c5 10. Nb5 a6 11. Nc3 Nc6 12. Be2 Bd7 13. 0-0 Nd4 14. Qd3 Bc6 15. Rae1 0-0 16. f4 Rfe8 17. Bd1 b5 18. Nf3 bxc4 19. Qxc4 Nb5 20. Nd5 Bxd5 21. exd5 Qb7 22. Ng5 Nc7 23. Qc2 h6 24. Ne4 Nxe4 25. Rxe4 Qxd5 26. Bf3 Rxe4 27. Rd1 Qc4 28. Qxe4 Qxe4 29. Bxe4 Rd8 30. Bc6 a5 31. Re1 Kf8 32. Re4 d5 33. Ra4 Rd6 34. Bb7 Rb6 35. Bc8 Rb8 36. Bg4 Ra8 37. Bf3 f5 38. b4 axb4 39. Rxa8+ Nxa8 40. axb4 cxb4 41. Bxd5 Nc7 42. Bb3 Ke7 43. Kf2 Kd6 44. g3 Kc5 45. Ke3 Nb5 46. Kd3 Nd4 47. Ba2 b3 48. Bb1 Nb5 49. Ke3 Na3 50. Bxf5 b2 51. Be4 Kd6 52. g4 b1Q 53. Bxb1 Nxb1 54. h4 Nc3 55. Kd4 Nd5 56. Ke4 Ne7 57. f5 Nc6 58. g5 h5 59. Kf4 Ne5 60. g6 Nd7 61. Kg5 Nf6 62. Kf4 Kd5 63. Kg5 Kc4 64. Kf4 Kd4 65. Kg5 Nd5 66. Kxh5 Nf6+ 67. Kg5 Ke5 68. h5 Ng8 69. h6 gxh6+ 0-1

[Event "Gibraltar Challengers-B 8th"]
[Site "Caleta"]
[Date "2010.02.02"]
[Round "3"]
[White "Horrocks, Stephen J"]
[Black "Tjoelsen, Katrine"]
[Result "1-0"]
[WhiteElo "1992"]
[BlackElo "2212"]
[PlyCount "153"]
[EventDate "2010.01.31"]
[EventType "swiss"]
[EventRounds "5"]
[EventCountry "GGB"]
[SourceTitle "EXT 2011"]
[Source "ChessBase"]
[SourceDate "2010.11.26"]
[SourceVersion "1"]
[SourceVersionDate "2010.11.26"]
[SourceQuality "1"]

1. d4 Nf6 2. Nf3 g6 3. Bg5 Bg7 4. Nbd2 0-0 5. e3 c5 6. Bxf6 exf6 7. dxc5 Qa5 8. c3 Qxc5 9. Be2 f5 10. 0-0 Nc6 11. Nb3 Qe7 12. Qd5 d6 13. Rad1 Rd8 14. Na5 Qc7 15. Nb3 Be6 16. Qd2 a5 17. Nfd4 Nxd4 18. exd4 Bd5 19. Rc1 a4 20. Na1 b5 21. Bf3 Bxf3 22. gxf3 Qe7 23. Qf4 Qe2 24. Nc2 Rac8 25. Rfe1 Qc4 26. Nb4 Bf6 27. a3 Kg7 28. Qe3 h6 29. Qd3 d5 30. Re2 Kf8 31. Rce1 Rc7 32. Kg2 Rcc8 33. Kg1 Rd7 34. Kg2 Be7 35. Qxc4 bxc4 36. Nxd5 Bd6 37. Nb6 Rdc7 38. Nxc8 Rxc8 39. Rd1 Rb8 40. d5 Rc8 41. h3 Rb8 42. Kf1 Rc8 43. Ke1 Rb8 44. Kd2 Bf4+ 45. Kc2 Bd6 46. Rd4 Rc8 47. Re1 Rc7 48. Red1 Kg8 49. Rh4 Kg7 50. Rdd4 g5 51. Rxc4 gxh4 52. Rxa4 Bg3 53. c4 Kf6 54. Kd3 Bxf2 55. b4 Ke5 56. Ra6 Bg3 57. d6 Rd7 58. c5 Kd5 59. a4 Rd8 60. Ra7 f6 61. a5 Bf2 62. Rc7 Be1 63. Rb7 Kc6 64. Rb6+ Kd5 65. Kc2 Bxb4 66. Rxb4 Kxc5 67. Rb6 Rd7 68. Kb3 Ra7 69. Ka4 h5 70. Rb5+ Kxd6 71. Rxf5 Ke6 72. Rxh5 f5 73. Rxh4 Kf6 74. Kb5 Kg5 75. Ra4 Re7 76. a6 f4 77. a7 1-0

[Event "Gibraltar Challengers-A 8th"]
[Site "Caleta"]
[Date "2010.01.30"]
[Round "5"]
[White "Tjoelsen, Katrine"]
[Black "Jayakumar, Adarsh"]
[Result "1-0"]
[WhiteElo "2212"]
[BlackElo "2090"]
[PlyCount "81"]
[EventDate "2010.01.26"]
[EventType "swiss"]
[EventRounds "5"]
[EventCountry "GGB"]
[SourceTitle "CBM 134 Extra"]
[Source "ChessBase"]
[SourceDate "2010.03.03"]
[SourceVersion "1"]
[SourceVersionDate "2010.03.03"]
[SourceQuality "1"]

1. c4 c5 2. Nc3 Nc6 3. g3 g6 4. Bg2 Bg7 5. Nf3 e5 6. 0-0 d6 7. a3 Nge7 8. d3 0-0 9. Bg5 h6 10. Bxe7 Nxe7 11. Ne1 Be6 12. Nc2 d5 13. cxd5 Nxd5 14. Nxd5 Bxd5 15. Bxd5 Qxd5 16. Ne3 Qd4 17. Qb3 e4 18. Rab1 b6 19. Rfd1 Rad8 20. a4 exd3 21. Rxd3 Qe5 22. Qc2 Rfe8 23. b3 Rd4 24. Rbd1 f5 25. R1d2 f4 26. Nc4 Qg5 27. Rxd4 Bxd4 28. Qd3 Kg7 29. Rd1 h5 30. Nd2 fxg3 31. hxg3 h4 32. Nf1 hxg3 33. Qxg3 Qh5 34. Qc7+ Kg8 35. Ng3 Qg4 36. Rd3 Rxe2 37. Qb8+ Kg7 38. Qb7+ Kh6 39. Qh1+ Kg5 40. Qd5+ Kf6 41. Qf3+ 1-0

[Event "Gibraltar Challengers-A 8th"]
[Site "Caleta"]
[Date "2010.01.28"]
[Round "3"]
[White "Tjoelsen, Katrine"]
[Black "Lumsdon, Andrew"]
[Result "1-0"]
[WhiteElo "2212"]
[BlackElo "2090"]
[PlyCount "53"]
[EventDate "2010.01.26"]
[EventType "swiss"]
[EventRounds "5"]
[EventCountry "GGB"]
[SourceTitle "CBM 134 Extra"]
[Source "ChessBase"]
[SourceDate "2010.03.03"]
[SourceVersion "1"]
[SourceVersionDate "2010.03.03"]
[SourceQuality "1"]

1. c4 e5 2. Nc3 Bb4 3. Nf3 Bxc3 4. dxc3 d6 5. c5 dxc5 6. Qxd8+ Kxd8 7. Nxe5 Ke7 8. e4 f6 9. Nc4 Be6 10. Bf4 Nd7 11. Bxc7 Nh6 12. Bd6+ Kf7 13. 0-0-0 Ng4 14. Bg3 b6 15. Nd6+ Ke7 16. Bb5 Nde5 17. f4 Nf7 18. f5 Bxa2 19. Nxf7 Kxf7 20. Rd7+ Kg8 21. Rhd1 h6 22. Re7 Kh7 23. Rdd7 Rhg8 24. Be2 Ne3 25. Bh5 Kh8 26. Bf4 Nxg2 27. Bxh6 1-0

[Event "Gibraltar Masters 8th"]
[Site "Caleta"]
[Date "2010.01.27"]
[Round "2"]
[White "Fox, Anthony"]
[Black "Tjoelsen, Katrine"]
[Result "0-1"]
[WhiteElo "2113"]
[BlackElo "2212"]
[PlyCount "132"]
[EventDate "2010.01.26"]
[EventType "swiss"]
[EventRounds "10"]
[EventCountry "GGB"]
[SourceTitle "CBM 134 Extra"]
[Source "ChessBase"]
[SourceDate "2010.03.03"]
[SourceVersion "1"]
[SourceVersionDate "2010.03.03"]
[SourceQuality "1"]

1. e4 e5 2. Nf3 Nc6 3. Bb5 Nf6 4. 0-0 Nxe4 5. d4 Nd6 6. Bxc6 dxc6 7. dxe5 Nf5 8. Qxd8+ Kxd8 9. Nc3 Bd7 10. Bf4 Be7 11. Rad1 Kc8 12. h3 b6 13. a3 h6 14. Rfe1 Rd8 15. g4 Nh4 16. Nxh4 Bxh4 17. Re3 Kb7 18. Red3 Be6 19. Be3 Rxd3 20. Rxd3 Be7 21. Kg2 h5 22. f3 Re8 23. Bf4 a6 24. Ne4 hxg4 25. hxg4 c5 26. Rd2 Kc6 27. Ng5 Bd5 28. Re2 b5 29. Ne4 c4 30. c3 a5 31. Bg3 Be6 32. Bf4 Rd8 33. Bg5 Bxg5 34. Nxg5 b4 35. Nxe6 fxe6 36. axb4 axb4 37. cxb4 g5 38. f4 Rd4 39. fxg5 Rxg4+ 40. Kf3 Rxg5 41. Kf4 Rg7 42. Rh2 Kb5 43. Rh6 Rf7+ 44. Ke4 Re7 45. Rh8 Kxb4 46. Rb8+ Kc5 47. Rb7 Rh7 48. Rb8 Rh4+ 49. Ke3 Kd5 50. Rb7 c6 51. Rb6 Re4+ 52. Kd2 Rxe5 53. Rb8 Kd4 54. Rd8+ Rd5 55. Rc8 Rd6 56. Rh8 e5 57. Rh7 Kc5+ 58. Kc2 Rf6 59. Rh8 Rf2+ 60. Kc3 Rf3+ 61. Kc2 e4 62. Re8 Kd4 63. Rd8+ Ke3 64. Kc3 Kf2+ 65. Kxc4 e3 66. Re8 e2 0-1

[Event "NOR-chT 0910"]
[Site "Norway"]
[Date "2010.01.08"]
[Round "4"]
[White "Tjoelsen, Katrine"]
[Black "Tallaksen, Levi Andre"]
[Result "0-1"]
[WhiteElo "2194"]
[BlackElo "2166"]
[PlyCount "52"]
[EventDate "2009.11.06"]
[EventType "team"]
[EventRounds "9"]
[EventCountry "NOR"]
[SourceTitle "EXT 2011"]
[Source "ChessBase"]
[SourceDate "2010.11.26"]
[SourceVersion "1"]
[SourceVersionDate "2010.11.26"]
[SourceQuality "1"]
[WhiteTeam "Bergen"]
[BlackTeam "Porsbrunn"]
[WhiteTeamCountry "NOR"]
[BlackTeamCountry "NOR"]

1. e4 e5 2. Nf3 Nc6 3. Bb5 a6 4. Ba4 Nf6 5. 0-0 Be7 6. Re1 b5 7. Bb3 d6 8. c3 0-0 9. h3 Nb8 10. d4 Nbd7 11. Nbd2 Bb7 12. Bc2 Re8 13. Nf1 Bf8 14. Ng3 g6 15. b3 c6 16. Bg5 h6 17. Be3 Qc7 18. a4 Bg7 19. Nh2 d5 20. dxe5 Nxe4 21. Nxe4 dxe4 22. Ng4 Nxe5 23. Bxh6 Nxg4 24. Bxg7 Qh2+ 25. Kf1 e3 26. Qxg4 e2+ 0-1

[Event "Mediterranean op 3rd"]
[Site "Rijeka"]
[Date "2009.11.30"]
[Round "4"]
[White "Tjoelsen, Katrine"]
[Black "Gajewski, Grzegorz"]
[Result "1/2-1/2"]
[WhiteElo "2194"]
[BlackElo "2561"]
[PlyCount "37"]
[EventDate "2009.11.27"]
[EventType "swiss"]
[EventRounds "9"]
[EventCountry "CRO"]
[SourceTitle "CBM 133 Extra"]
[Source "ChessBase"]
[SourceDate "2010.01.05"]
[SourceVersion "1"]
[SourceVersionDate "2010.01.05"]
[SourceQuality "1"]

1. d4 f5 2. Nc3 d5 3. Bg5 Be6 4. e3 Nd7 5. h4 Ngf6 6. h5 Bf7 7. Bd3 Ne4 8. Bxe4 dxe4 9. f3 h6 10. Bh4 c6 11. fxe4 fxe4 12. Qg4 Qa5 13. Qxe4 Qxh5 14. Bxe7 Qxh1 15. Bg5+ Ne5 16. Qxe5+ Kd7 17. 0-0-0 Bd6 18. Qxg7 Raf8 19. d5 1/2-1/2

[Event "Wch U16 Girls"]
[Site "Kemer"]
[Date "2009.11.22"]
[Round "11"]
[White "Tjoelsen, Katrine"]
[Black "Endress, Anna"]
[Result "0-1"]
[WhiteElo "2194"]
[BlackElo "2090"]
[PlyCount "102"]
[EventDate "2009.11.12"]
[EventType "swiss"]
[EventRounds "11"]
[EventCountry "TUR"]
[SourceTitle "EXT 2010"]
[Source "ChessBase"]
[SourceDate "2010.11.25"]
[SourceVersion "1"]
[SourceVersionDate "2010.11.25"]
[SourceQuality "1"]

1. d4 d5 2. c4 c6 3. Nf3 e6 4. Nc3 dxc4 5. a4 Bb4 6. e3 b5 7. Bd2 Bxc3 8. Bxc3 a5 9. axb5 cxb5 10. b3 Bb7 11. bxc4 b4 12. Bb2 Nf6 13. Bd3 Nbd7 14. 0-0 0-0 15. Nd2 Qc7 16. f4 a4 17. Qe2 Rfe8 18. e4 a3 19. Bc1 Nf8 20. e5 N6d7 21. Nb3 Bc6 22. Bd2 Ba4 23. Rfb1 Reb8 24. Nc1 b3 25. Rxa3 b2 26. Na2 Bd1 27. Rxd1 Rxa3 28. Nc3 Ra1 29. c5 Rba8 30. Bb1 Qa5 31. Qd3 Qa3 32. Qc4 Rb8 33. f5 exf5 34. c6 Nb6 35. Qb5 Qa7 36. Kh1 Na4 37. Qd3 Nxc3 38. Bxc3 Rb3 39. Qc2 Qa3 40. Be1 Rb8 41. d5 Qb3 42. Qd2 Rba8 43. h3 Rxb1 44. Rxb1 Ra1 45. Rxb2 Qg3 46. Rc2 Rxe1+ 47. Qxe1 Qxe1+ 48. Kh2 Qxe5+ 49. g3 f4 50. g4 f3+ 51. Kg1 Qe1+ 0-1

[Event "Wch U16 Girls"]
[Site "Kemer"]
[Date "2009.11.16"]
[Round "6"]
[White "Anker, Christin"]
[Black "Tjoelsen, Katrine"]
[Result "1/2-1/2"]
[WhiteElo "1888"]
[BlackElo "2194"]
[PlyCount "44"]
[EventDate "2009.11.12"]
[EventType "swiss"]
[EventRounds "11"]
[EventCountry "TUR"]
[SourceTitle "EXT 2010"]
[Source "ChessBase"]
[SourceDate "2010.11.25"]
[SourceVersion "1"]
[SourceVersionDate "2010.11.25"]
[SourceQuality "1"]

1. e4 c6 2. d4 d5 3. Nc3 dxe4 4. Nxe4 Nd7 5. Nf3 Ngf6 6. Nxf6+ Nxf6 7. Bc4 Bf5 8. Qe2 e6 9. Bd2 Be7 10. c3 0-0 11. 0-0 b5 12. Bb3 Qb6 13. Bg5 Rfe8 14. a4 h6 15. Bh4 Rad8 16. Ne5 a6 17. Rfe1 Nd5 18. Bg3 c5 19. axb5 axb5 20. dxc5 Bxc5 21. c4 bxc4 22. Ba4 Rf8 1/2-1/2

[Event "Wch U16 Girls"]
[Site "Kemer"]
[Date "2009.11.15"]
[Round "4"]
[White "Qurbonboeva, Sarvinoz"]
[Black "Tjoelsen, Katrine"]
[Result "1-0"]
[WhiteElo "1988"]
[BlackElo "2194"]
[PlyCount "77"]
[EventDate "2009.11.12"]
[EventType "swiss"]
[EventRounds "11"]
[EventCountry "TUR"]
[SourceTitle "EXT 2010"]
[Source "ChessBase"]
[SourceDate "2010.11.25"]
[SourceVersion "1"]
[SourceVersionDate "2010.11.25"]
[SourceQuality "1"]

1. c4 Nf6 2. Nc3 g6 3. Nf3 Bg7 4. e4 c5 5. d4 cxd4 6. Nxd4 d6 7. Be2 Nc6 8. Be3 0-0 9. 0-0 Bd7 10. f3 Qb6 11. Na4 Qa5 12. Bd2 Qd8 13. Nxc6 Bxc6 14. Be3 Nd7 15. Nc3 Nc5 16. Qd2 a5 17. Rac1 a4 18. Kh1 Qa5 19. Bh6 Rfd8 20. Bxg7 Kxg7 21. f4 f6 22. Qe3 Nd7 23. Rfd1 Qc5 24. Qh3 Rac8 25. Nd5 Re8 26. Bg4 Rcd8 27. Nc7 Nf8 28. Nxe8+ Rxe8 29. Qd3 b5 30. b3 a3 31. Re1 bxc4 32. bxc4 Bd7 33. Bxd7 Nxd7 34. h3 Ra8 35. Qd5 Qa5 36. Re3 Ra7 37. Qb5 Qd2 38. Rec3 Qd4 39. Qb3 1-0

[Event "Wch U16 Girls"]
[Site "Kemer"]
[Date "2009.11.13"]
[Round "2"]
[White "Tjoelsen, Katrine"]
[Black "Shakryan, Zozan"]
[Result "1-0"]
[WhiteElo "2194"]
[BlackElo "1966"]
[PlyCount "42"]
[EventDate "2009.11.12"]
[EventType "swiss"]
[EventRounds "11"]
[EventCountry "TUR"]
[SourceTitle "EXT 2010"]
[Source "ChessBase"]
[SourceDate "2010.11.25"]
[SourceVersion "1"]
[SourceVersionDate "2010.11.25"]
[SourceQuality "1"]

1. d4 Nf6 2. c4 e6 3. g3 d5 4. Bg2 Nbd7 5. Nf3 c5 6. cxd5 Nxd5 7. e4 N5f6 8. Nc3 cxd4 9. Nxd4 Be7 10. 0-0 0-0 11. Qe2 Bd6 12. Rd1 Qe7 13. Bg5 h6 14. Be3 Nb6 15. Nb3 Nfd7 16. Nb5 Bb8 17. a4 a6 18. N5d4 Ne5 19. Nc6 bxc6 20. Bxb6 Bd7 21. Qe3 Qb4 1-0

[Event "Wch U20 Girls"]
[Site "Puerto Madryn"]
[Date "2009.11.01"]
[Round "11"]
[White "Tjoelsen, Katrine"]
[Black "Kiran, Manisha Mohanty"]
[Result "0-1"]
[WhiteElo "2178"]
[BlackElo "2261"]
[PlyCount "79"]
[EventDate "2009.10.22"]
[EventType "swiss"]
[EventRounds "13"]
[EventCountry "ARG"]
[SourceTitle "EXT 2010"]
[Source "ChessBase"]
[SourceDate "2010.11.25"]
[SourceVersion "1"]
[SourceVersionDate "2010.11.25"]
[SourceQuality "1"]

1. Nf3 Nf6 2. c4 c5 3. Nc3 Nc6 4. g3 d5 5. cxd5 Nxd5 6. Bg2 Nc7 7. 0-0 e5 8. d3 Be7 9. Nd2 f6 10. Bxc6+ bxc6 11. Qa4 Bd7 12. Qa5 0-0 13. Nde4 Ne6 14. Qxd8 Rfxd8 15. Nd2 Nd4 16. Nc4 Be6 17. b3 Bxc4 18. bxc4 Rab8 19. g4 e4 20. Bf4 Rb4 21. Rfd1 exd3 22. exd3 Rb2 23. Kg2 g5 24. Bc1 Rc2 25. Ne4 Ne2 26. Be3 Nc3 27. Rdc1 Rxc1 28. Rxc1 Nxe4 29. dxe4 Rb8 30. Rd1 Rb4 31. Rd7 Bf8 32. Rxa7 Rxc4 33. Kf3 Rc2 34. Ra6 Be7 35. a4 Ra2 36. e5 fxe5 37. Ra7 Kf8 38. Ke4 c4 39. Kxe5 c3 40. Kd4 0-1

[Event "Wch U20 Girls"]
[Site "Puerto Madryn"]
[Date "2009.10.26"]
[Round "6"]
[White "Daulyte Cornette, Deimante"]
[Black "Tjoelsen, Katrine"]
[Result "0-1"]
[WhiteElo "2307"]
[BlackElo "2178"]
[PlyCount "99"]
[EventDate "2009.10.22"]
[EventType "swiss"]
[EventRounds "13"]
[EventCountry "ARG"]
[SourceTitle "EXT 2010"]
[Source "ChessBase"]
[SourceDate "2010.11.25"]
[SourceVersion "1"]
[SourceVersionDate "2010.11.25"]
[SourceQuality "1"]

1. e4 c6 2. d4 d5 3. Nd2 dxe4 4. Nxe4 Nd7 5. Nf3 Ngf6 6. Ng3 e6 7. Bd3 Bd6 8. 0-0 0-0 9. Re1 c5 10. c3 b6 11. Ne4 Be7 12. Qe2 Bb7 13. Neg5 cxd4 14. Nxe6 fxe6 15. Qxe6+ Kh8 16. Qxe7 Nc5 17. Bc4 dxc3 18. bxc3 Nfe4 19. Bg5 Qc8 20. Be3 Re8 21. Qh4 Qf5 22. Bd4 Qg6 23. Ne5 Rxe5 24. Bxe5 Nd2 25. Qg3 Qxg3 26. Bxg3 Nxc4 27. Re7 h6 28. Rae1 Kg8 29. Rc7 Rd8 30. f3 Rd7 31. Re7 Rxc7 32. Rxc7 a5 33. Bf2 Bd5 34. Bxc5 bxc5 35. Rxc5 Be6 36. a4 Kf7 37. Kf2 Ke7 38. Rc7+ Kd6 39. Rxg7 Bd7 40. Rg6+ Kc5 41. Rxh6 Bxa4 42. g4 Bb3 43. Rh5+ Kb6 44. Rh6+ Kc5 45. Rh5+ Kb6 46. Rh6+ Kc5 47. Re6 a4 48. g5 a3 49. h4 Bc2 50. Ra6 0-1

[Event "Goch op 20th"]
[Site "Goch"]
[Date "2009.10.04"]
[Round "7"]
[White "Tjoelsen, Katrine"]
[Black "Harff, Wilfried"]
[Result "1-0"]
[WhiteElo "2178"]
[BlackElo "2202"]
[PlyCount "97"]
[EventDate "2009.10.01"]
[EventType "swiss"]
[EventRounds "7"]
[EventCountry "GER"]
[SourceTitle "EXT 2011"]
[Source "ChessBase"]
[SourceDate "2010.11.26"]
[SourceVersion "1"]
[SourceVersionDate "2010.11.26"]
[SourceQuality "1"]

1. d4 Nf6 2. c4 e6 3. Nf3 b6 4. g3 Bb7 5. Bg2 Qc8 6. Nc3 Ne4 7. Qc2 f5 8. 0-0 Be7 9. d5 Nxc3 10. Qxc3 Bf6 11. Qc2 exd5 12. cxd5 Bxd5 13. Qxf5 Qb7 14. Rd1 Be4 15. Ne5 Bxf5 16. Bxb7 Bxe5 17. Rd5 d6 18. f4 c6 19. Rd1 Bf6 20. Rxd6 Ke7 21. Rd1 Nd7 22. Bxa8 Rxa8 23. a4 Nc5 24. Ra3 Bc2 25. Rd2 Bg6 26. g4 h6 27. b4 Na6 28. Re3+ Kf8 29. Ba3 Be8 30. Bb2 Nxb4 31. Bxf6 gxf6 32. Re6 Kg7 33. Re7+ Bf7 34. Rdd7 Rf8 35. e4 c5 36. Rc7 Nd3 37. e5 fxe5 38. fxe5 Kg6 39. h4 a5 40. h5+ Kg5 41. Rxf7 Re8 42. Rce7 Rxe7 43. Rxe7 c4 44. Rg7+ Kf4 45. e6 c3 46. e7 c2 47. Rf7+ Kg3 48. Rf1 Nf4 49. Ra1 1-0

[Event "Arctic Chess Challenge"]
[Site "Tromsoe"]
[Date "2009.08.09"]
[Round "9"]
[White "Turner, Matthew"]
[Black "Tjoelsen, Katrine"]
[Result "1/2-1/2"]
[WhiteElo "2517"]
[BlackElo "2160"]
[PlyCount "128"]
[EventDate "2009.08.01"]
[EventType "swiss"]
[EventRounds "9"]
[EventCountry "NOR"]
[SourceTitle "CBM 131 Extra"]
[Source "ChessBase"]
[SourceDate "2009.09.03"]
[SourceVersion "2"]
[SourceVersionDate "2009.09.16"]
[SourceQuality "1"]

1. c4 c5 2. Nc3 Nc6 3. g3 g6 4. Bg2 Bg7 5. Nf3 d6 6. 0-0 e5 7. d3 Nge7 8. Rb1 0-0 9. Bd2 Rb8 10. Ne1 Be6 11. Nc2 d5 12. cxd5 Nxd5 13. Ne4 b6 14. a3 a5 15. Re1 h6 16. Qc1 Kh7 17. Nc3 Nd4 18. Nxd5 Nb3 19. Qd1 Bxd5 20. Bxd5 Qxd5 21. Ne3 Qe6 22. a4 e4 23. Nc4 Nd4 24. Bc3 Rbd8 25. Bxd4 Bxd4 26. Qc1 exd3 27. exd3 Qf6 28. Qf4 Qxf4 29. gxf4 Bf6 30. Re3 Rd4 31. Nxb6 Rfd8 32. f5 Rb4 33. fxg6+ fxg6 34. Nc4 Rxa4 35. Rf3 Kg7 36. Re1 Rf8 37. Re6 Ra1+ 38. Kg2 Rd1 39. Ne3 Rd2 40. Ng4 Bh4 41. Rxf8 Kxf8 42. Rxg6 h5 43. Rh6 hxg4 44. Rxh4 Rxb2 45. Rxg4 Ke7 46. Kf3 Kd6 47. h4 Rb1 48. Ra4 Rd1 49. Ke4 Rh1 50. Rxa5 Rxh4+ 51. f4 Rh3 52. Ra6+ Kd7 53. f5 Rg3 54. Rh6 Kc7 55. Ra6 Kd7 56. f6 Rg5 57. f7 Ke7 58. Rf6 Kf8 59. Rf4 Rh5 60. Ke3 Rh7 61. Rf5 Rxf7 62. Ke4 Rxf5 63. Kxf5 Kf7 64. Ke5 c4 1/2-1/2